000
00329pab a2200145 454500
008
180718b2002 xxu||||| |||| 00| 0 eng d
100
_a
Joshi, S.C.
245
_a
Microcredit not charity
260
_c
2002
300
_a
p.12-13
362
_a
Feb
650
_a
Agricultural credit
773
_a
Social Welfare
909
_a
51399
999
_c
51399
_d
51399